Statistics for Sci-Fi Movie Quotes

Click here to take the quiz!

General Stats

  • This quiz has been taken 27 times
  • The average score is 10 of 15

Answer Stats

quote movie % Correct
this is Ripley, last survivor of the Nostromo, signing offAlien
100%
I'll be backThe Terminator
100%
you're going to need a bigger boatJaws
91%
do or do not. there is no try.The Empire Strike Back
91%
open the pod bay doors, Hal2001: A Space Odyssey
82%
when this baby hits 88 miles per hour, you're gonna see some serious sh*tBack To The Future
77%
the needs of the many outweigh the needs of the fewThe Wrath Of Khan
73%
train yourself to let go of everything you fear to loseRevenge Of The Sith
73%
_ _ is people!Soylent Green
68%
come son of Jor-El, kneel before ZodSuperman II
68%
klaatu barada niktoThe Day The Earth Stood Still
55%
your scientists were so peoccupied whether they could, they never stopped to think if they shouldJurassic Park
41%
be afraid, be very afraidThe Fly
27%
monsters from the idForbidden Planet
14%
what is the most resilient parasite?Inception
5%

Score Distribution

Percentile by Number Answered

Percent of People with Each Score

Your Score History

You have not taken this quiz